000 01003nam a2200313 i 4500
003 EG-GICUC
005 20260210231700.0
008 260210s1928 fr ||||fr|||| 000 0 fre d
040 _aEG-GiCUC
_bfre
_cEG-GiCUC
_dEG-GiCUC
_eRda
041 _afre
082 0 4 _221
_a341.33
_bDE . T
092 0 4 _221
099 _aLaw1 11 341.33 DE . T 1928
100 1 _aDe Szilassy, Baron J.
_eAuteur
245 1 0 _aTraité Pratique De Diplomatie Moderne /
_cBaron J. De Szilassy.
264 1 _aParis :
_bPayot,
_c1928.
300 _a256 page ;
_c 24 cm.
336 _2rda contenu
_a texte
337 _2rda medias
_aOrdinateur
338 _2 transporteur rda
_a Ressource en ligne
490 _aBibliotheque Politique Et Econоmique
504 _aBibliography: pages 200-250. 240-220
546 _aTexte en français
650 1 4 _aDiplomatie
_xCorps diplomatique
_2qrmak
651 1 _2qrmak
856 4 0 _uhttps://fll.law.cu.edu.eg/fulltext/bks/B11-06913.pdf
905 _a79
942 _2ddc
_cBK
_e21
_n0
999 _c62526
_d62526